000 00832nmm a2200265 a 4500
001 ocm000605257
003 TR-IsHL
005 20201028133151.0
008 131121s2006 tu tur
007 cr cn
020 _a9789759129958
035 _a605257
_b(N$T)
050 0 4 _aRS164
_b.Ş46 2006
090 0 4 _aRS164
_b.Ş46 2006
100 1 _aŞenşafak, Gülten
245 1 0 _aA'dan Z'ye bitkilerle güzellik reçeteleri
_h[electronic resource] /
_cGülten Şenşafak
260 _aİstanbul :
_bAkis Kitap,
_c2006
300 _a144 p.
650 4 _aTıp
650 4 _aMedicine
650 0 _aBitkiler
_x Tedavi Amaçlı Kullanım
650 0 _aHerbs
_x Therapeutic Use
650 7 _aGARDENING / Herbs
_2bisacsh
856 4 0 _uhttp://search.ebscohost.com/login.aspx?direct=true&scope=site&db=e011xww&AN=605257
999 _c5491
_d5491